| 000 | 01018nam a22002177a 4500 | ||
|---|---|---|---|
| 999 |
_c63191 _d63191 |
||
| 003 | Ge_BSU | ||
| 005 | 20250624141107.0 | ||
| 008 | 250624s2023 ge ||||| |||| 00| 0 geo d | ||
| 020 | _a9789941342196 | ||
| 041 | _ageo | ||
| 080 | _a347.22 ზ-32 | ||
| 100 |
_aზარანდია, თამარ _95936 |
||
| 245 |
_aსანივთო სამართალი./ _cთამარ ზარანდია; რედაქტორი ბესარიონ ზოიძე, ლადო ჭანტურია. |
||
| 250 | _aმესამე შევსებული გამოცემა. | ||
| 264 |
_aთბილისი: _bმერიდიანი, _c2023. |
||
| 300 |
_a451 გვ.; _b21 სმ. |
||
| 653 | _aსანივთო სამართალი | ||
| 700 |
_aზოიძე, ბესარიონ _eრედაქტორი _925493 |
||
| 700 |
_aჭანტურია, ლადო _eრედაქტორი _925494 |
||
| 942 |
_2udc _cᲬᲘᲒᲜᲘ |
||